[Event "Serbia Central Cup"]
[Site "Kragujevac"]
[Date "2018.04.30"]
[Round "3"]
[White "Petrovic, Milovan"]
[Black "Marceta, Predrag"]
[Result "0-1"]
[WhiteElo "2085"]
[BlackElo "2258"]
[PlyCount "86"]
[EventDate "2018.04.29"]
[EventType "swiss"]
[EventRounds "6"]
[EventCountry "SRB"]
[SourceTitle "CBM 184 Extra"]
[Source "ChessBase"]
[SourceDate "2018.06.28"]
[SourceVersion "1"]
[SourceVersionDate "2018.06.28"]
[SourceQuality "1"]

1. d4 Nf6 2. c4 c5 3. d5 b5 4. cxb5 a6 5. e3 axb5 6. Bxb5 Qa5+ 7. Nc3 Bb7 8. Bc4 d6 9. f3 g6 10. Nge2 Bg7 11. 0-0 0-0 12. e4 Ba6 13. Bxa6 Nxa6 14. Bg5 Rfb8 15. Qd2 Nc7 16. a4 Rb4 17. Rfb1 Rab8 18. Nc1 Qa6 19. h3 Kf8 20. N1e2 Nd7 21. Bh6 Ne5 22. Bxg7+ Kxg7 23. Ra2 Nc4 24. Qc1 Rb3 25. Nb5 R3xb5 26. Qxc4 Rb3 27. Qxa6 Nxa6 28. Nc1 R3b4 29. Kf2 c4 30. Ke3 Nc5 31. a5 Na4 32. Ne2 Rb3+ 33. Kd2 Nxb2 34. Kc2 Nd3 35. Rba1 Nb4+ 36. Kc1 Nxa2+ 37. Rxa2 c3 38. Ra1 Ra8 39. Nd4 Rb2 40. Nc6 Rxg2 41. Ra3 e6 42. a6 exd5 43. exd5 Re8 0-1

[Event "SRB-chT2 West"]
[Site "Kragujevac"]
[Date "2017.09.09"]
[Round "3"]
[White "Marceta, Predrag"]
[Black "Vuckovic, Branko"]
[Result "1/2-1/2"]
[WhiteElo "2253"]
[BlackElo "2260"]
[PlyCount "54"]
[EventDate "2017.09.08"]
[EventType "team-tourn"]
[EventRounds "11"]
[EventCountry "SRB"]
[SourceTitle "EXT 2022"]
[Source "ChessBase"]
[SourceDate "2021.10.06"]
[SourceVersion "1"]
[SourceVersionDate "2021.10.06"]
[SourceQuality "1"]

1. e4 Nf6 2. e5 Nd5 3. d4 d6 4. Nf3 Nc6 5. Be2 Bf5 6. exd6 exd6 7. 0-0 Be7 8. c3 0-0 9. Qb3 Nb6 10. d5 Ne5 11. Nd4 Bd3 12. Bxd3 Nxd3 13. c4 Nxc1 14. Rxc1 Bf6 15. Nf3 Qd7 16. Nc3 Rfe8 17. a4 a5 18. Nb5 Re2 19. Nbd4 Re4 20. Qd3 Rae8 21. b3 Qg4 22. Rd1 Nd7 23. h3 Qg6 24. Qd2 Ne5 25. Rab1 Nxf3+ 26. Nxf3 b6 27. Re1 Kf8 1/2-1/2

[Event "SRB-chT2 West"]
[Site "Sabac"]
[Date "2014.09.26"]
[Round "2.6"]
[White "Marceta, Predrag"]
[Black "Smolovic, Mile"]
[Result "1/2-1/2"]
[WhiteElo "2285"]
[BlackElo "2325"]
[PlyCount "150"]
[EventDate "2014.09.25"]
[EventType "team-swiss"]
[EventRounds "6"]
[EventCountry "SRB"]
[SourceTitle "EXT 2015"]
[Source "ChessBase"]
[SourceDate "2014.11.20"]
[SourceVersion "1"]
[SourceVersionDate "2014.11.20"]
[SourceQuality "1"]

1. e4 c5 2. Nf3 d6 3. c3 Nf6 4. Be2 Bd7 5. d3 Bc6 6. 0-0 Nbd7 7. Bg5 e6 8. a4 Be7 9. Nbd2 0-0 10. b4 b6 11. b5 Bb7 12. a5 a6 13. bxa6 Rxa6 14. axb6 Rxb6 15. Qc2 Qc7 16. Bf4 Nh5 17. Be3 d5 18. e5 g6 19. Rfb1 Ra8 20. Rxa8+ Bxa8 21. Rxb6 Nxb6 22. Qa2 Ng7 23. Qa5 Nf5 24. Bf4 h5 25. h3 h4 26. Bg5 Bxg5 27. Nxg5 Kg7 28. Bg4 Qc6 29. Bxf5 gxf5 30. Ngf3 Bb7 31. Nxh4 Nd7 32. Nhf3 Ba6 33. d4 Bd3 34. Qd8 cxd4 35. cxd4 Be4 36. Qe7 Bxf3 37. Nxf3 Qc1+ 38. Kh2 Qf4+ 39. Kh1 Qc1+ 40. Ng1 Nf8 41. Qh4 Ng6 42. Qg3 Qd1 43. Qe3 f4 44. Qc3 Nh4 45. g3 Ng6 46. Kg2 fxg3 47. fxg3 Ne7 48. Kf2 Nf5 49. Ne2 Qh1 50. g4 Nh4 51. Qg3 Ng6 52. Qf3 Qd1 53. h4 Qc2 54. h5 Nf8 55. Qf6+ Kg8 56. Qg5+ Kh7 57. Qf4 Kg8 58. Qg5+ Kh7 59. Qf6 Kg8 60. h6 Qg6 61. Qxg6+ fxg6 62. g5 Nh7 63. Nf4 Nxg5 64. Nxg6 Kh7 65. Nf4 Kxh6 66. Kg3 Ne4+ 67. Kf3 Nd2+ 68. Kf2 Nc4 69. Nxe6 Kg6 70. Nc7 Kf5 71. e6 Nd6 72. Kf3 Kf6 73. Kf4 Nf5 74. Nxd5+ Kxe6 75. Nc7+ Kf6 1/2-1/2